Alternativas europeas a la crisis centro-americana: el carácter de la crisis centroamericana y las alternativas regionales
Guardat en:
| Format: | Text |
|---|---|
| Publicat: |
Santander:
ICI
|
| Etiquetes: |
Afegir etiqueta
Sense etiquetes, Sigues el primer a etiquetar aquest registre!
|
MARC
| LEADER | 00000 a a2200000 04500 | ||
|---|---|---|---|
| 001 | 24345 | ||
| 003 | |||
| 040 | |a CRAI/IIS |c CRAI/IIS | ||
| 090 | |a 172701 | ||
| 245 | |a Alternativas europeas a la crisis centro-americana: el carácter de la crisis centroamericana y las alternativas regionales | ||
| 260 | |a Santander: |b ICI | ||
| 300 | |a 148 p. | ||
| 999 | |c 17706 |d 17706 | ||
